| 000 | 00382nam a2200145Ia 4500 | ||
|---|---|---|---|
| 008 | 151213s9999 xx 000 0 und d | ||
| 100 | _aAngelinas Story | ||
| 245 |
_aWhen I Dream of Heaven _cAngelinas Story |
||
| 260 |
_aU. S. A _bJamestown _c2000 |
||
| 300 | _a2015 p. | ||
| 650 | _aEnglish Literature | ||
| 650 | _aEnglish Literature | ||
| 700 | _aAngelinas Story | ||
| 999 |
_c1475 _d1475 |
||